000 00300nam a22001337a 4500
008 190305b xxu||||| |||| 00| 0 eng d
020 _a0872877884
041 _aeng
080 _a004
100 _a28
101 _aSHK
245 _aReference and information services
_cBopp,R.E
942 _2udc
_cBK
999 _c54542
_d54542